Vachana chintana male: Nuliya Chandayya (Record no. 119874)

MARC details
000 -LEADER
fixed length control field 00774nam a2200241Ia 4500
003 - CONTROL NUMBER IDENTIFIER
control field OSt
005 - DATE AND TIME OF LATEST TRANSACTION
control field 20250814124750.0
008 - FIXED-LENGTH DATA ELEMENTS--GENERAL INFORMATION
fixed length control field 210210b2015 xxu||||| |||| 00| 0 eng d
040 ## - CATALOGING SOURCE
Transcribing agency AL
041 ## - LANGUAGE CODE
Language code of text/sound track or separate title Kannada
082 ## - DEWEY DECIMAL CLASSIFICATION NUMBER
Classification number K894.109 BARV
100 ## - MAIN ENTRY--PERSONAL NAME
Personal name BARAGURU RAMACHANDRAPPA
Dates associated with a name ಬರಗೂರು ರಾಮಚಂದ್ರಪ್ಪ
9 (RLIN) 235577
245 ## - TITLE STATEMENT
Title Vachana chintana male: Nuliya Chandayya
Remainder of title ವಚನ ಚಿಂತನ ಮಾಲೆ: ನುಲಿಯ ಚಂದಯ್ಯ
260 ## - PUBLICATION, DISTRIBUTION, ETC.
Place of publication, distribution, etc. Maisuru
Name of publisher, distributor, etc. Shri Basava Adhyayana Pita
Date of publication, distribution, etc. 2015
300 ## - PHYSICAL DESCRIPTION
Extent 108
650 ## - SUBJECT ADDED ENTRY--TOPICAL TERM
Topical term or geographic name entry element Vachana
9 (RLIN) 235578
650 ## - SUBJECT ADDED ENTRY--TOPICAL TERM
Topical term or geographic name entry element male:Nuliya
9 (RLIN) 235579
650 ## - SUBJECT ADDED ENTRY--TOPICAL TERM
Topical term or geographic name entry element chintana
9 (RLIN) 235580
650 ## - SUBJECT ADDED ENTRY--TOPICAL TERM
Topical term or geographic name entry element Chandayya
9 (RLIN) 235581
690 ## - LOCAL SUBJECT ADDED ENTRY--TOPICAL TERM (OCLC, RLIN)
Topical term or geographic name as entry element Kannada Poetry Criticism
9 (RLIN) 235582
906 ## - LOCAL DATA ELEMENT F, LDF (RLIN)
a 070309
942 ## - ADDED ENTRY ELEMENTS (KOHA)
Source of classification or shelving scheme Dewey Decimal Classification
Koha item type Book
Holdings
Withdrawn status Lost status Source of classification or shelving scheme Damaged status Not for loan Collection code Home library Current library Shelving location Date acquired Source of acquisition Cost, normal purchase price Total Checkouts Full call number Barcode Date last seen Price effective from Koha item type
    Dewey Decimal Classification     Kannada St Aloysius Library St Aloysius Library   02/17/2021 Navakarnataka Publication Pvt Ltd Mangalore 70.00   K894.109 BARV 070309 02/17/2021 02/17/2021 Book